| 000 | 00733cab a2200229 4500 | ||
|---|---|---|---|
| 001 | ABS46709 | ||
| 008 | 090401t1992 xxu||||| |||| 00| 0 eng d | ||
| 035 | _a(Sirsi) u59298 | ||
| 041 | _aeng | ||
| 100 | _aAllen, N.L. | ||
| 245 | _aProtection of churches against lightning | ||
| 260 | _c1992 | ||
| 350 | _a0 | ||
| 490 |
_aChurch Building _v(22) Summer 1992, 7-9(3) |
||
| 520 | _aExamines how to protect a building against the effects of being struck by lightning looking in particular at churches and describes the risks in leaving a building unprotected. | ||
| 650 | _aBS 6651 | ||
| 650 | _aELECTRIC CURRENT | ||
| 650 | _aSTORMS | ||
| 690 | _aBUILT ENVIRONMENT-BUILDING STANDARDS | ||
| 942 | _n0 | ||
| 948 | _c04/03/1997 | ||
| 999 |
_c36373 _d36373 |
||